[Event "FRA-chT3 Gr12 0304"]
[Site "Loire"]
[Date "2004.04.04"]
[Round "7.6"]
[White "Ravot, Cyril"]
[Black "Audras, Jean Baptiste"]
[Result "0-1"]
[WhiteElo "1790"]
[BlackElo "1810"]
[PlyCount "70"]
[EventDate "2003.10.12"]
[EventType "team"]
[EventRounds "9"]
[EventCountry "FRA"]
[SourceTitle "EXT 2008"]
[Source "ChessBase"]
[SourceDate "2007.11.25"]
[SourceVersion "1"]
[SourceVersionDate "2007.11.25"]
[SourceQuality "1"]

1. e4 c5 2. f4 Nc6 3. Nc3 d6 4. Bc4 g6 5. d3 Bg7 6. Nf3 Nf6 7. Be3 0-0 8. h3 e6 9. Bb3 Na5 10. Qd2 Nxb3 11. axb3 b6 12. 0-0-0 Bb7 13. Ne2 d5 14. e5 d4 15. Bf2 Nd5 16. Ng5 a5 17. Rh2 a4 18. bxa4 Rxa4 19. Qe1 Qa8 20. c4 dxc3 21. Nxc3 Nxc3 22. Qxc3 Rxf4 23. Be3 Ra4 24. Qb3 Ra1+ 25. Kd2 Qa5+ 26. Ke2 Rxd1 27. Kxd1 Bxe5 28. Rh1 Qa1+ 29. Bc1 Bf4 30. Kc2 Bxg5 31. Bxg5 Qxh1 32. Bh6 Qxg2+ 33. Kb1 Qf1+ 34. Kc2 Qe2+ 35. Kb1 Bd5 0-1